000 00397nam a2200145Ia 4500
003 GCL
008 140319s9999 xx 000 0 ara d
040 _aGCL /
_cGCL
082 0 4 _a808.83
_bس م
100 1 _aسيفور، دى
245 1 0 _aمتاعب صوفى /
_cسيفور، دى
700 1 _aالياس الحداد
300 _a245 ص
490 _aروايات عالمية للفتيات
_v0
999 _c47579
_d47579